000
00325nam a22001457a 4500
020
_a
978-81-7709-232-5
082
_a
530
_b
VER/C
100
_a
VERMA, H C
245
_a
CONCEPT OF PHYSICS
250
_a
1
260
_a
NEW DELHI
_b
BHARATI BHAWAN
_c
1993
300
_a
466
650
_a
PHYSICS - PART 2
_z
NEW DELHI
942
_c
BK
999
_c
6862
_d
6862